| 000 | 00972pam a2200313 4500 | ||
|---|---|---|---|
| 999 |
_c8250 _d8250 |
||
| 001 | 8250 | ||
| 003 | BD-JhCC | ||
| 005 | 20180220110534.0 | ||
| 008 | 730426s1973 caua b 001 0 eng | ||
| 020 | _a0716701715 | ||
| 035 | _a(BD-JhCC)8250 | ||
| 040 |
_aDLC _cDLC _dDLC _dBD-JhCC |
||
| 041 | _aeng | ||
| 050 | 0 | 0 |
_aQD453.2 _b.W54 1973 |
| 060 | _aQD453 W727b 1973 | ||
| 082 | 0 | 0 |
_a541/.3/02457 _bWIL 1973 |
| 100 | 1 | _aWilliams, Virginia R. | |
| 245 | 1 | 0 |
_aBasic physical chemistry for the life sciences _c[by] Virginia R. Williams [and] Hulen B. Williams. Mathematical appendix by Bill B. Townsend. |
| 250 | _a2d ed. | ||
| 260 |
_aSan Francisco, _bW. H. Freeman _c[1973] |
||
| 300 |
_axviii, 524 p. _billus. _c25 cm. |
||
| 350 | _a$14.95 | ||
| 504 | _aIncludes bibliographies. | ||
| 650 | 0 | _aChemistry, Physical and theoretical. | |
| 650 | 2 | _aChemistry, Physical. | |
| 700 | 1 |
_aWilliams, Hulen B., _d1920- |
|
| 942 |
_2ddc _cBK |
||